Jalový výkon v sieťach nízkeho napätia
Saved in:
| Main Author: | |
|---|---|
| Other Authors: | |
| Format: | Manuscript Book |
| Language: | Slovak |
| Published: |
Bratislava :
STU v Bratislave FEI,
2025
|
| Subjects: | |
| Online Access: | https://opac.crzp.sk/?fn=detailBiblioFormChildW11SLO9&sid=BA75C2D62745AD5727EE909ED92F&seo=CRZP-detail-kniha |
| Tags: |
No Tags, Be the first to tag this record!
|
MARC
| LEADER | 00000ntm a22000003a 4500 | ||
|---|---|---|---|
| 001 | stuzp102030 | ||
| 003 | SK-STU | ||
| 005 | 20260203101545.5 | ||
| 007 | ta | ||
| 008 | 150427s2015----xo-----f-mn---000-0-slo-d | ||
| 040 | |a STU |b slo | ||
| 041 | 0 | |a slo | |
| 044 | |a xo | ||
| 100 | 1 | |a Zagora, Jaroslav |u 032000 |4 aut |U FEI Fakulta elektrotechniky a informatiky |T FEI Ústav elektroenergetiky a aplikovanej elektrotechniky |X 120683 |U E020 |Y 548 |7 120683 | |
| 242 | 0 | 1 | |a Reactive Power in the Low Voltage Power System |y eng |
| 245 | 1 | 0 | |a Jalový výkon v sieťach nízkeho napätia |
| 260 | |a Bratislava : |b STU v Bratislave FEI, |c 2025 | ||
| 300 | |a 89 s. | ||
| 650 | 4 | |a jalový výkon |2 slo | |
| 650 | 4 | |a distribučná sústava |2 slo | |
| 650 | 4 | |a účinník |2 slo | |
| 650 | 4 | |a nízke napätie |2 slo | |
| 650 | 4 | |a distribution network |2 eng | |
| 650 | 4 | |a power factor |2 eng | |
| 650 | 4 | |a low voltage |2 eng | |
| 650 | 4 | |a reactive power |2 eng | |
| 700 | 1 | |a Beláň, Anton |u 032000 |k Z1 |4 ths |U FEI Fakulta elektrotechniky a informatiky |T FEI Ústav elektroenergetiky a aplikovanej elektrotechniky |X 2032 |U E020 |Y 548 |7 A000002032 | |
| 856 | 4 | |u https://opac.crzp.sk/?fn=detailBiblioFormChildW11SLO9&sid=BA75C2D62745AD5727EE909ED92F&seo=CRZP-detail-kniha | |